Basic Business Communication

Gespeichert in:
Bibliographische Detailangaben
1. Verfasser: Lesikar, Raymond V.
Weitere Verfasser: Pettit, John D., Flatley, Marie E.
Format: Buch
Sprache:Englisch
Veröffentlicht: Burr Ridge IRWIN 1993
Ausgabe:6. ed.
Schlagworte:
Tags: Tag hinzufügen
Keine Tags, Fügen Sie das erste Tag hinzu!

MARC

LEADER 00000nam a2200000 4500
001 c014270
005 20221206074239.6
020 |a 0-256-10936-2 
041 0 |a eng 
044 |a US 
245 1 0 |a Basic Business Communication  |c Raymond V. Lesikar, John D. Pettit, Marie E. Flatley 
250 |a 6. ed. 
264 1 |a Burr Ridge  |b IRWIN  |c 1993 
300 |a 761 s. 
610 2 0 |a komunikácia 
610 2 0 |a vzťahy pracovné 
610 2 0 |a vzťahy medziľudské 
610 2 0 |a psychológia 
610 2 0 |a štýl pracovný 
610 2 0 |a technológie komunikačné 
610 2 0 |a metódy výskumu 
610 2 0 |a korešpondencia 
610 2 0 |a štúdie prípadové 
100 1 |a Lesikar, Raymond V. 
700 1 |a Pettit, John D. 
700 1 |a Flatley, Marie E.